Tresor de livres rares et précieux ou Nouveau dictionnaire bibliographique ... / (Record no. 154729)
[ view plain ]
| 000 -LEADER | |
|---|---|
| campo de control de longitud fija | 00779nam a2200205 i 4500 |
| 001 - NÚMERO DE CONTROL | |
| campo de control | 154729 |
| 003 - IDENTIFICADOR DE NÚMERO DE CONTROL | |
| campo de control | ES-MaACL |
| 005 - FECHA Y HORA DE LA ÚLTIMA TRANSACCIÓN | |
| campo de control | 20250930063133.0 |
| 008 - DATOS DE LONGITUD FIJA--INFORMACIÓN GENERAL | |
| campo de control de longitud fija | 010315m18591869gw b |||| | fre d |
| 040 ## - FUENTE DE CATALOGACIÓN | |
| Centro catalogador/agencia de origen | CAM |
| Lengua de catalogación | spa |
| Centro/agencia transcriptor | CAM |
| 100 1# - ENTRADA PRINCIPAL--NOMBRE DE PERSONA | |
| Nombre de persona | Grässe, Johann Georg Theodor, |
| Fechas asociadas al nombre | 1814-1885 |
| 9 (RLIN) | 155546 |
| 245 10 - MENCIÓN DEL TÍTULO | |
| Título | Tresor de livres rares et précieux ou Nouveau dictionnaire bibliographique ... / |
| Mención de responsabilidad, etc. | par Jean George Théodore Graesse. |
| 246 3# - FORMA VARIANTE DEL TITULO | |
| Título propio/Titulo breve | Nouveau dictionnaire bibliographique |
| 260 ## - PUBLICACIÓN, DISTRIBUCIÓN, ETC. | |
| Lugar de publicación, distribución, etc. | Dresde : |
| Nombre del editor, distribuidor, etc. | Rudolf Kuntze libraire-éditeur, |
| Fecha de publicación, distribución, etc. | 1859-1869 ( |
| Fabricante | Imp. chez B.G. Teubner) |
| 300 ## - DESCRIPCIÓN FÍSICA | |
| Extensión | 8 v. ; |
| Dimensiones | 31 cm. |
| 650 #4 - PUNTO DE ACCESO ADICIONAL DE MATERIA--TÉRMINO DE MATERIA | |
| Término de materia o nombre geográfico como elemento de entrada | Libros raros- |
| Subdivisión de forma | Bibliografías. |
| 9 (RLIN) | 136416 |
| 752 ## - ENTRADA AGREGADA--NOMBRE JERÁRQUICO DEL LUGAR | |
| País o entidad superior | Alemania - |
| Ciudad | Dresde |
| 852 ## - LOCALIZACIÓN | |
| Ubicación | ES-MaACL |
| Número de control de estantería | B-10882-89 |
| Nota libre | -- Enc. hol. |
| Estatus retirado | Estado de pérdida | Estado de daño | No para préstamo | Colección | Biblioteca de origen | Biblioteca actual | Ubicación en estantería | Fecha de adquisición | Total de préstamos | Signatura topográfica completa | Código de barras | Visto por última vez | Precio de reemplazo | Tipo de ítem Koha |
|---|---|---|---|---|---|---|---|---|---|---|---|---|---|---|
| Libros del s. XIX | Biblioteca del Ateneo de Madrid | Biblioteca del Ateneo de Madrid | Sala Pardo Bazán | 17/01/2008 | B-10882-89 | 1161837 | 23/02/2023 | 23/02/2023 | Libro impreso antiguo |
